| 000 -ლიდერი |
| ფიქსირებული სიგრძის საკონტროლო ველი |
01517nam a22002777a 4500 |
| 003 - საკონტროლო ნომრის იდენტიფიკატორი |
| საკონტროლო ველი |
Ge_BSU |
| 005 - ბოლო ოპერაციის თარიღი და დრო |
| საკონტროლო ველი |
20230720114423.0 |
| 008 - ფიქსირებული სიგრძის მონაცემთა ელემენტები - ზოგადი ინფორმაცია |
| ფიქსირებული სიგრძის საკონტროლო ველი |
230720s2022ge xxu||||| |||| 00| 0 geo d |
| 020 ## - წიგნის საერთაშორისო სტანდარტული ნომერი |
| International Standard Book Number |
9789941851032 |
| 041 ## - ენის კოდი |
| Language code of text/sound track or separate title |
geo |
| 080 ## - უნივერსალური ათობითი კლასიფიკაციის ინდექსი |
| Universal Decimal Classification number |
330.59(4) რ-26 |
| 245 ## - ცნობა სათაურის შესახებ |
| Title |
რატომ ევროპა- როგორ ცხოვრობს ხალხი ევროპის ქვეყნებში? : |
| Remainder of title |
სტატიების კრებული / |
| Statement of responsibility, etc |
ალექსანდრე ცაგარელი, ბაქარ ბერეკაშვილი, გია ჟორჟოლიანი, თორნიკე ჩივაძე. |
| 264 ## - წარმოების, გამოცემის, დისტრიბუციის და სხვა ცნობები |
| გამოცემის, წარმოების, დისტრიბუციის... ადგილი |
თბილისი, |
| გამოცემის, წარმოების, დისტრიბუციის... თარიღი |
2022. |
| 300 ## - ფიზიკური აღწერა |
| Extent |
72 გვ.: |
| Other physical details |
22 სმ. |
| 504 ## - BIBLIOGRAPHY, ETC. NOTE |
| Bibliography, etc |
ბიბლოგრაფ.გვ:71-72 |
| 653 ## - INDEX TERM--UNCONTROLLED |
| Uncontrolled term |
რატომ ევროპა- როგორ ცხოვრობს ხალხი ევროპის ქვეყნებში? |
| 653 ## - INDEX TERM--UNCONTROLLED |
| Uncontrolled term |
ევროპა |
| 700 ## - ADDED ENTRY--PERSONAL NAME |
| Personal name |
ცაგარელი, ალექსანდრე |
| 9 (RLIN) |
19462 |
| 700 ## - ADDED ENTRY--PERSONAL NAME |
| Personal name |
ბერეკაშვილი, ბაქარ |
| 9 (RLIN) |
19463 |
| 700 ## - ADDED ENTRY--PERSONAL NAME |
| Personal name |
ჟორჟოლიანი, გია |
| 9 (RLIN) |
1016 |
| 700 ## - ADDED ENTRY--PERSONAL NAME |
| Personal name |
ჩივაძე, თორნიკე |
| 9 (RLIN) |
19464 |
| 711 ## - ADDED ENTRY--MEETING NAME |
| Meeting name or jurisdiction name as entry element |
საზოგადოების კვლევის ცენტრი |
| 9 (RLIN) |
19465 |
| 773 ## - HOST ITEM ENTRY |
| Title |
ნაჩუქარი |
| 856 ## - ELECTRONIC LOCATION AND ACCESS |
| Uniform Resource Identifier |
https://library.fes.de/pdf-files/bueros/georgien/19969.pdf |
| Link text |
pdf |
| 942 ## - ADDED ENTRY ELEMENTS (KOHA) |
| Source of classification or shelving scheme |
|
| Koha item type |
წიგნი |